Countries by Hidden Words - Statistics

General Stats
  • This quiz has been taken 39 times
  • The average score is 12 of 20
Answer Stats
Hint Answer % Correct
_ETHER_ _ _ _ _ Netherlands
91%
_OMAN_ _ Romania
82%
_WAND_ Rwanda
79%
_RUNE_ Brunei
76%
_ _LAYS_ _ Malaysia
76%
_ _ _E VER_ _ Cape Verde
71%
_SWAT_ _ _ Eswatini
71%
_ _MALI_ Somalia
71%
_ _ STA R_ _ _ Costa Rica
68%
_ _ _SWAN_ Botswana
62%
_HAIL_ _ _ Thailand
62%
_ _ _DIVE_ Maldives
59%
_ _ _GLADES_ Bangladesh
56%
_ _DONE_ _ _ Indonesia
47%
_ _OVEN_ _ Slovenia
47%
_ _ RAIN_ Ukraine
47%
_ _MINI_ _ Dominica
44%
_ _ELAN_ Iceland / Ireland
41%
_ _ _ _HELL_ _ Seychelles
41%
_ _ _ _ _TENS_ _ _ _ Liechtenstein
32%
No matching quizzes found
Score Distribution
Percent of People with Each Score
Percentile by Number Answered
Your Score History
You have not taken this quiz